Effective Technical Communication: A Guide for Scientists and Engineers / (Record no. 1043)

MARC details
000 -LEADER
Fixed length control field 00513nam a2200169 4500
003 - CONTROL NUMBER IDENTIFIER
Control field SEACOMMC
005 - DATE AND TIME OF LATEST TRANSACTION
Control field 20250501152705.0
008 - FIXED-LENGTH DATA ELEMENTS--GENERAL INFORMATION
Fixed length control field 250201b |||||||| |||| 00| 0 eng d
020 ## - INTERNATIONAL STANDARD BOOK NUMBER / ISBN
International Standard Book Number 978-0-19-568291-5
Price Rs.175.00
040 ## - CATALOGING SOURCE
Original cataloging agency SEACOMMC
082 ## - DEWEY DECIMAL CLASSIFICATION NUMBER
Classification number 428.2
Book Number M 684
100 ## - MAIN ENTRY--PERSONAL NAME
Personal name Mitra,Barun k
245 1# - TITLE STATEMENT
Title Effective Technical Communication: A Guide for Scientists and Engineers /
Statement of responsibility Barun k. Mitra
260 ## - IMPRINT
Place of publication New Delhi
Name of publisher Oxford University Press
Date of publication 2006
650 ## - SUBJECT ADDED ENTRY--TOPICAL TERM
Topical term Scientific Vocabulary
942 ## - ADDED ENTRY ELEMENTS (KOHA)
Koha item type Books
Holdings
Withdrawn status Lost status Source of classification Damaged status Not for loan Home library Current library Shelving location Date acquired Total Checkouts Call number Accession number Date last seen Price effective from Koha item type Copy number
    Dewey Decimal Classification     SEACOM MANAGEMENT COLLEGE SEACOM MANAGEMENT COLLEGE Reference 18/02/2008   428.2 M 684 M-1819 01/02/2025 01/02/2025 Books  
    Dewey Decimal Classification     SEACOM MANAGEMENT COLLEGE SEACOM MANAGEMENT COLLEGE   18/02/2008   428.2 M 684 M-1820 01/02/2025 01/02/2025 Books 1
    Dewey Decimal Classification     SEACOM MANAGEMENT COLLEGE SEACOM MANAGEMENT COLLEGE   18/02/2008   428.2 M 684 M-1821 01/02/2025 01/02/2025 Books 2
    Dewey Decimal Classification     SEACOM MANAGEMENT COLLEGE SEACOM MANAGEMENT COLLEGE   18/02/2008   428.2 M 684 M-1822 01/02/2025 01/02/2025 Books 3
    Dewey Decimal Classification     SEACOM MANAGEMENT COLLEGE SEACOM MANAGEMENT COLLEGE   18/02/2008   428.2 M 684 M-1823 01/02/2025 01/02/2025 Books 4
    Dewey Decimal Classification     SEACOM MANAGEMENT COLLEGE SEACOM MANAGEMENT COLLEGE   18/02/2008   428.2 M 684 M-1824 01/02/2025 01/02/2025 Books 5
    Dewey Decimal Classification     SEACOM MANAGEMENT COLLEGE SEACOM MANAGEMENT COLLEGE   18/02/2008   428.2 M 684 M-1825 01/02/2025 01/02/2025 Books 6
    Dewey Decimal Classification     SEACOM MANAGEMENT COLLEGE SEACOM MANAGEMENT COLLEGE   18/02/2008   428.2 M 684 M-1826 01/02/2025 01/02/2025 Books 7
    Dewey Decimal Classification     SEACOM MANAGEMENT COLLEGE SEACOM MANAGEMENT COLLEGE   18/02/2008   428.2 M 684 M-1827 01/02/2025 01/02/2025 Books 8
    Dewey Decimal Classification     SEACOM MANAGEMENT COLLEGE SEACOM MANAGEMENT COLLEGE   18/02/2008   428.2 M 684 M-1828 01/02/2025 01/02/2025 Books 9
© Seacom Engineering College, All rights reserved.    Powered by Koha